Návrh zlepšenia merania a riadenia výkonnosti zamestnancov v kontexte udržateľného rozvoja priemyselných podnikov

Salvato in:
Dettagli Bibliografici
Autore principale: Mozolová, Martina (Autore)
Altri autori: Gyurák Babeľová, Zdenka (Relatore della tesi)
Natura: Manoscritto Libro
Lingua:slovacco
Pubblicazione: 2018
Soggetti:
Accesso online:http://is.stuba.sk/zp/portal_zp.pl?podrobnosti=130669
Tags: Aggiungi Tag
Nessun Tag, puoi essere il primo ad aggiungerne!!

MARC

LEADER 00000ntm a22000003a 4500
001 stuzp62625
003 SK-STU
005 20180820151815.8
007 ta
008 150427s2015----xo-----f-mn---000-0-slo-d
040 |a STU  |b slo 
041 0 |a slo 
100 1 |a Mozolová, Martina  |u 064000  |4 aut  |U MTF Materiálovotechnologická fakulta  |T MTF Ústav priemyselného inžinierstva a manažmentu  |X 46926  |U M4000  |Y 84  |7 46926 
242 0 1 |a Proposal to improve the measurement and management of employee performance in the context of sustainable development of industrial enterprises  |y eng 
245 1 0 |a Návrh zlepšenia merania a riadenia výkonnosti zamestnancov v kontexte udržateľného rozvoja priemyselných podnikov 
260 |c 2018 
650 4 |a performance  |2 eng 
650 4 |a employee  |2 eng 
650 4 |a management  |2 eng 
650 4 |a riadenie  |2 slo 
650 4 |a výkonnosť  |2 slo 
650 4 |a zamestnanec  |2 slo 
700 1 |a Gyurák Babeľová, Zdenka  |u 064000  |k Z1  |4 ths  |U MTF Materiálovotechnologická fakulta  |T MTF Ústav priemyselného inžinierstva a manažmentu  |X 4411  |U M4000  |Y 84  |7 A000004411 
856 4 |u http://is.stuba.sk/zp/portal_zp.pl?podrobnosti=130669 
996 |c M* DP-13696  |l MMSKP  |s P  |a 0  |w stuzp62625_0001